<?xml version="1.0" encoding="UTF-8"?><?xml-stylesheet type="text/xsl" href="static/style.xsl"?><OAI-PMH xmlns="http://www.openarchives.org/OAI/2.0/" xmlns:xsi="http://www.w3.org/2001/XMLSchema-instance" xsi:schemaLocation="http://www.openarchives.org/OAI/2.0/ http://www.openarchives.org/OAI/2.0/OAI-PMH.xsd"><responseDate>2026-04-17T19:01:31Z</responseDate><request verb="GetRecord" identifier="oai:www.recercat.cat:10230/52396" metadataPrefix="marc">https://recercat.cat/oai/request</request><GetRecord><record><header><identifier>oai:recercat.cat:10230/52396</identifier><datestamp>2025-12-18T01:48:50Z</datestamp><setSpec>com_2072_6</setSpec><setSpec>col_2072_452953</setSpec></header><metadata><record xmlns="http://www.loc.gov/MARC21/slim" xmlns:dcterms="http://purl.org/dc/terms/" xmlns:xsi="http://www.w3.org/2001/XMLSchema-instance" xmlns:doc="http://www.lyncode.com/xoai" xsi:schemaLocation="http://www.loc.gov/MARC21/slim http://www.loc.gov/standards/marcxml/schema/MARC21slim.xsd">
   <leader>00925njm 22002777a 4500</leader>
   <datafield ind2=" " ind1=" " tag="042">
      <subfield code="a">dc</subfield>
   </datafield>
   <datafield ind2=" " ind1=" " tag="720">
      <subfield code="a">Feixa, Carles, 1962-</subfield>
      <subfield code="e">author</subfield>
   </datafield>
   <datafield ind2=" " ind1=" " tag="720">
      <subfield code="a">Aramayona Quintana, Begoña</subfield>
      <subfield code="e">author</subfield>
   </datafield>
   <datafield ind2=" " ind1=" " tag="720">
      <subfield code="a">Ballesté, Eduard, 1988-</subfield>
      <subfield code="e">author</subfield>
   </datafield>
   <datafield ind2=" " ind1=" " tag="720">
      <subfield code="a">Páez de la Torre, Sonia</subfield>
      <subfield code="e">author</subfield>
   </datafield>
   <datafield ind2=" " ind1=" " tag="720">
      <subfield code="a">Andrade, César, 1976-</subfield>
      <subfield code="e">author</subfield>
   </datafield>
   <datafield ind2=" " ind1=" " tag="720">
      <subfield code="a">Botija, Mercedes</subfield>
      <subfield code="e">author</subfield>
   </datafield>
   <datafield ind2=" " ind1=" " tag="720">
      <subfield code="a">Brisley, Adam</subfield>
      <subfield code="e">author</subfield>
   </datafield>
   <datafield ind2=" " ind1=" " tag="720">
      <subfield code="a">Calvo, Raúl</subfield>
      <subfield code="e">author</subfield>
   </datafield>
   <datafield ind2=" " ind1=" " tag="720">
      <subfield code="a">Carbonel, Ángela</subfield>
      <subfield code="e">author</subfield>
   </datafield>
   <datafield ind2=" " ind1=" " tag="720">
      <subfield code="a">Chévez, Cándida</subfield>
      <subfield code="e">author</subfield>
   </datafield>
   <datafield ind2=" " ind1=" " tag="720">
      <subfield code="a">Fernández Planells, Ariadna, 1983-</subfield>
      <subfield code="e">author</subfield>
   </datafield>
   <datafield ind2=" " ind1=" " tag="720">
      <subfield code="a">Fuentes, Elizabeth</subfield>
      <subfield code="e">author</subfield>
   </datafield>
   <datafield ind2=" " ind1=" " tag="720">
      <subfield code="a">Grad, Héctor</subfield>
      <subfield code="e">author</subfield>
   </datafield>
   <datafield ind2=" " ind1=" " tag="720">
      <subfield code="a">Hansen, Nele</subfield>
      <subfield code="e">author</subfield>
   </datafield>
   <datafield ind2=" " ind1=" " tag="720">
      <subfield code="a">Martínez, Alberto</subfield>
      <subfield code="e">author</subfield>
   </datafield>
   <datafield ind2=" " ind1=" " tag="720">
      <subfield code="a">Mecca, Margot</subfield>
      <subfield code="e">author</subfield>
   </datafield>
   <datafield ind2=" " ind1=" " tag="720">
      <subfield code="a">Navarro, José Javier</subfield>
      <subfield code="e">author</subfield>
   </datafield>
   <datafield ind2=" " ind1=" " tag="720">
      <subfield code="a">Núnez, Katia</subfield>
      <subfield code="e">author</subfield>
   </datafield>
   <datafield ind2=" " ind1=" " tag="720">
      <subfield code="a">Oliver, María</subfield>
      <subfield code="e">author</subfield>
   </datafield>
   <datafield ind2=" " ind1=" " tag="720">
      <subfield code="a">Premat Katz, Celia</subfield>
      <subfield code="e">author</subfield>
   </datafield>
   <datafield ind2=" " ind1=" " tag="720">
      <subfield code="a">Puig, Sabina</subfield>
      <subfield code="e">author</subfield>
   </datafield>
   <datafield ind2=" " ind1=" " tag="720">
      <subfield code="a">Sánchez García, José</subfield>
      <subfield code="e">author</subfield>
   </datafield>
   <datafield ind2=" " ind1=" " tag="720">
      <subfield code="a">Sanmartín, Anna</subfield>
      <subfield code="e">author</subfield>
   </datafield>
   <datafield ind2=" " ind1=" " tag="720">
      <subfield code="a">Soler-i-Martí, Roger</subfield>
      <subfield code="e">author</subfield>
   </datafield>
   <datafield ind2=" " ind1=" " tag="720">
      <subfield code="a">Torres, Manuel</subfield>
      <subfield code="e">author</subfield>
   </datafield>
   <datafield ind2=" " ind1=" " tag="720">
      <subfield code="a">Tudela, Patricia</subfield>
      <subfield code="e">author</subfield>
   </datafield>
   <datafield ind2=" " ind1=" " tag="720">
      <subfield code="a">Úbeda, Miquel</subfield>
      <subfield code="e">author</subfield>
   </datafield>
   <datafield ind2=" " ind1=" " tag="720">
      <subfield code="a">Unda Lara, René</subfield>
      <subfield code="e">author</subfield>
   </datafield>
   <datafield ind2=" " ind1=" " tag="260">
      <subfield code="c">2022-02-02T14:23:17Z</subfield>
   </datafield>
   <datafield ind2=" " ind1=" " tag="260">
      <subfield code="c">2022-02-02T14:23:17Z</subfield>
   </datafield>
   <datafield ind2=" " ind1=" " tag="260">
      <subfield code="c">2022-02-02</subfield>
   </datafield>
   <datafield ind2=" " ind1=" " tag="520">
      <subfield code="a">LEBAN tiene como objetivo evaluar el resultado de los procesos&#xd;
de constitución de asociaciones e intentos de tregua con agrupaciones&#xd;
juveniles de calle en las dos primeras décadas del siglo XXI, analizando&#xd;
qué funcionó y qué falló. Se centra en el caso español, con estudios&#xd;
en profundidad de los tres territorios donde las pandillas tienen mayor&#xd;
presencia: Cataluña, Madrid y Comunidad Valenciana. Dicho estudio&#xd;
se comparará con el caso ecuatoriano, donde la constitución de asociaciones&#xd;
contó con el apoyo del gobierno, y con el caso salvadoreño,&#xd;
donde la “tregua” con las maras tuvo éxito a corto plazo, pero acabó&#xd;
fracasando.&#xd;
Cuatro retos organizan los workpackages del proyecto: realizar&#xd;
un análisis macro de las percepciones sociales en torno a las bandas,&#xd;
a partir de Big Data, análisis de redes sociales y estadísticas oficiales;&#xd;
hacer un análisis meso de las políticas públicas y de las sentencias judiciales;&#xd;
a nivel micro, analizar los procesos de legalización evaluando&#xd;
los puntos fuertes y débiles de tales procesos, vinculado a un repertorio&#xd;
de buenas prácticas en el ámbito local y global, incidiendo en políticas&#xd;
públicas preventivas y experiencias de justicia restaurativa. Además de&#xd;
un análisis retrospectivo de los últimos 15 años, el proyecto propone&#xd;
una mirada al futuro próximo, planteando cuales son las políticas más&#xd;
efectivas para prevenir la deriva criminal de las bandas.&#xd;
El presente documento recoge las presentaciones y debates del&#xd;
LEBAN Training Webinar, que tuvo lugar durante el mes de mayo de 2021, en tres sesiones dedicadas respectivamente a España, El Salvador&#xd;
y Ecuador, en las que participaron la mayoría de los miembros del&#xd;
proyecto.</subfield>
   </datafield>
   <datafield ind2=" " ind1=" " tag="520">
      <subfield code="a">This project has received funding from the European Union’s Horizon 2020 research and innovation programme under grant agreement No 742705</subfield>
   </datafield>
   <datafield ind2=" " ind1=" " tag="520">
      <subfield code="a">Este texto forma parte del proyecto LEBAN: ¿Legalizar las bandas?&#xd;
La constitución de asociaciones a partir de agrupaciones juveniles&#xd;
de calle en España, Ecuador y El Salvador: evaluación y prospectiva&#xd;
(2000-2025). Plan Nacional I+D+i. Convocatoria 2019: Retos Investigación.&#xd;
IP: C. Feixa. 2020-2023 [PID2019-110893RB-I00].</subfield>
   </datafield>
   <datafield tag="653" ind2=" " ind1=" ">
      <subfield code="a">Bandes de joves</subfield>
   </datafield>
   <datafield ind2="0" ind1="0" tag="245">
      <subfield code="a">Procesos de legalización e ilegalización de agrupaciones juveniles de calle en España, Ecuador y El Salvador</subfield>
   </datafield>
</record></metadata></record></GetRecord></OAI-PMH>